00825nam a2200217 4500001000700000003000900007005001700016007000300033008004100036100004200077245009700119260005400216300002700270490002800297500004700325700004000372830003600412852002000448999001900468952012000487121225ES-MaACL20250929063158.0t|070214q1909 fr r ||||1| spa d1 aPrévost, Marcel, d1862-194199381910aCartas a Paquita / cMarcel Prévost ; versión castellana por Francisca A. de la Barella. aParis : bLibrería Paul Ollendorf, c[ca. 1909] aXII, 320 p. ; c19 cm.1 aVeladas del hogar ; v1 aTraducción de: Lettres áa Françoise.1 aBarella, Francisca A. de la.9256150 aVeladas del hogar ; v19218734 aES-MaACLjD-888 c121225d121225 00104070aATENEOMbATENEOMcSVId2008-01-17eSCl0oD-888p901126341r2023-02-23 00:00:00w2023-02-23yMONOGRAFIA